Všeobecná ekonomická teória pre ašpirantov a PGŠ

Na minha lista:
Detalhes bibliográficos
Autor Corporativo: Vysoká škola ekonomická v Bratislave. Národohospodárska fakulta
Formato: Livro
Idioma:eslovaco
Publicado em: Bratislava VŠE 1990
Edição:1. vyd.
Tags: Adicionar Tag
Sem tags, seja o primeiro a adicionar uma tag!

MARC

LEADER 00000nam a2200000 4500
001 c028162
005 20221215071840.7
041 0 |a slo 
044 |a SK 
245 1 0 |a Všeobecná ekonomická teória pre ašpirantov a PGŠ 
250 |a 1. vyd. 
264 1 |a Bratislava  |b VŠE  |c 1990 
300 |a 111 s. 
710 2 |a Vysoká škola ekonomická v Bratislave. Národohospodárska fakulta